Statistiques concernant Quiz Rappeur #3 (Jul)

Cliquez ici pour prendre le quiz!

Statistiques générales

  • Ce quiz a été pris 1 172 fois
    (1 079 depuis la dernière actualisation)
  • Le résultat moyen est 10 sur 15

Statistiques - réponses

HintRéponse% Correct
PrénomJulien
97%
Pays de naissanceFrance
94%
Sa villeMarseille
94%
SurnomLe J
92%
Année de naissance1990
74%
Nombre d'album(s) gratuit(s)6
71%
NomMarie
69%
LabelD'or et de platine
66%
Quel "grade" minimum on tous ses albumsPlatine
58%
Son solo le plus vue sur youtube(283M)Tchikita
54%
Son groupe13'organisé
51%
Album le plus venduMy World
46%
Premier AlbumDans ma paranoia
45%
Projet collectif (2020)Classico Organisé
31%
Premier labelLiga One Industry
23%

Distribution des résultats

Percentile par nombre de réponses

% des personnes avec chaque résultat

Votre développement - résultats

Vous n’avez pas pris ce quiz depuis la dernière actualisation